banner-ar

تفسير مبهمات القران الموسوم بصلة الجمع وعائد التذييل لموصول كتابى الاعلام والتكميل / (Record no. 37575)

MARC details
000 -الفاتح
حقل البيانات ثابتة الطول 00685nam a2200181Ia 4500
008 - عناصر البيانات ثابتة الطول - معلومات عامة
حقل البيانات ثابتة الطول 140319s9999 xx 000 0 ara d
040 ## - مصدر الفهرسة
وكالة الفهرسة الأصلية GCL /
وكالة النسخ GCL
082 04 - رقم تصنيف ديوى العشرى
رقم التصنيف 224.3
رقم المادة ب ت
100 1# - المدخل الرئيسى - إسم شخصى
الإسم الشخصى البلنسى، ابى عبدالله محمد بن ع
245 10 - بيان العنوان
العنوان تفسير مبهمات القران الموسوم بصلة الجمع وعائد التذييل لموصول كتابى الاعلام والتكميل /
بيان المسئوليه,etc البلنسى، ابى عبدالله محمد بن ع
700 1# - المدخل الاضافى - اسم شخصى
الإسم الشخصى حنيف بن حسن القاسمى
300 ## - الوصف المادى
التعداد متعدد
490 ## - بيان السلسلة
عنوان السلسلة
650 04 - المدخل الاضافى بالموضوع-مصطلح موضوعى
مصطلح موضوعي القران - تفسير
650 04 - المدخل الاضافى بالموضوع-مصطلح موضوعى
مصطلح موضوعي القران - علوم
942 ## - عناصر المدخل الإضافي( كوها)
مصدر التصنيف او مخطط الترفيف Dewey Decimal Classification
Koha [default] item type كتاب
Holdings
حالة التراجع حالة الفقد حالة تلف ليس للاعارة المكان المؤقت الموقع الحالى تاريخ الاكتساب اجمالي اﻻعارات رقم الطلب الباركود تاريخ اخر مشاهدة تاريخ تفعيل السعر نوع وعاء كوها
        مكتبة القاهرة الكبرى مكتبة القاهرة الكبرى 03/26/2014   224.3\ب ت 91754 03/26/2014 03/26/2014 كتاب
        مكتبة القاهرة الكبرى مكتبة القاهرة الكبرى 03/26/2014   224.3\ب ت 91755 03/26/2014 03/26/2014 كتاب

Powered By

EGPV